[Event "AUTO-ADV-4913"]
[Site "http://www.queenalice.com/game.php?id=1868160"]
[Date "2026.1.19"]
[Round "1"]
[White "WHUSIRO"]
[Black "o3bor52"]
[Result "1-0"]
[WhiteElo "1845"]
[BlackElo "1845"]

1. e4 d5 2. exd5 e6 3. dxe6 Bxe6 4. Nf3 Bd6 5. Be2 h6 6. d3 Nc6 7. Nc3 a6 8. Be3
Nf6 9. O-O Qd7 10. a3 O-O 11. Re1 Rfe8 12. h3 Rad8 13. Nd4 Nd5 14. Nxd5 Bxd5 15.
c4 Nxd4 16. Bxd4 Be6 17. Bc3 c5 18. Bf3 b6 19. Qc2 Bc7 20. Rad1 Bxh3 21. g3 Bd6
22. d4 Qc7 23. Kh2 Be6 24. d5 Bd7 25. b3 b5 26. cxb5 axb5 27. Qb2 f6 28. Qc2
Rxe1 29. Rxe1 Re8 30. Rxe8+ Bxe8 31. Qe2 Bf7 32. Qxb5 Qd8 33. a4 Be8 34. Qc4 Bd7
35. Bd2 Qe8 36. Qe2 Qc8 37. Bg2 Qb7 38. Qd3 Be8 39. Qe3 Bd7 40. Qd3 Qc7 41. Be4
Qc8 42. f4 f5 43. Bf3 Qb8 44. Bg2 g6 45. Qc3 Qb4 46. Qxb4 cxb4 47. Be3 Kg7 48.
Bf1 Bc8 49. a5 Kf7 50. a6 Ke7 51. Bb5 Kd8 52. a7 Bb7 53. Bc6 Kc7 54. Bd4 g5 55.
Be5 gxf4 56. Bxd6+ Kxd6 57. Bxb7 fxg3+ 58. Kxg3 Kc5 59. a8=Q Kd4 60. Qc8 f4+ 61.
Kxf4 h5 62. Qc4# 1-0

[Event "AUTO-ADV-4913"]
[Site "http://www.queenalice.com/game.php?id=1868161"]
[Date "2026.1.19"]
[Round "1"]
[White "o3bor52"]
[Black "WHUSIRO"]
[Result "0-1"]
[WhiteElo "1844"]
[BlackElo "1859"]

1. c4 Nf6 2. g3 e6 3. Bg2 Be7 4. b3 O-O 5. Bb2 c5 6. Nf3 Nc6 7. d4 d5 8. O-O b6
9. Na3 a6 10. Nc2 Bb7 11. e3 Qc7 12. Qd3 dxc4 13. bxc4 cxd4 14. Ncxd4 Rad8 15.
Qe2 h6 16. Rfd1 Nxd4 17. exd4 a5 18. Rac1 Rfe8 19. d5 exd5 20. cxd5 Qb8 21. Be5
Bd6 22. Bxd6 Qxd6 23. Qc2 Rb8 24. Qc7 Qd7 25. d6 Rec8 26. Ne5 Rxc7 27. Nxd7 Rxd7
28. Rc7 Bxg2 29. Kxg2 Kf8 30. Rxd7 Nxd7 31. f4 Rc8 32. Re1 Rc2+ 33. Kh3 Rd2 34.
Rc1 Nc5 35. Rb1 Rxd6 36. Rb2 f6 37. Kg2 Kf7 38. Kh3 a4 39. Rg2 b5 40. Rb2 Rb6
41. Rc2 Na6 42. a3 Rd6 43. Rb2 Rd5 44. Kg2 Nb8 45. Rc2 Nd7 46. Ra2 Nb6 47. Rf2
Nc4 48. Rc2 Ne3+ 0-1

[Event "AUTO-ADV-4913"]
[Site "http://www.queenalice.com/game.php?id=1868176"]
[Date "2026.1.19"]
[Round "1"]
[White "o3bor52"]
[Black "fbenevides2019"]
[Result "0-1"]
[WhiteElo "1829"]
[BlackElo "1793"]

1. e4 d5 2. d4 dxe4 3. Nc3 Bf5 4. Be3 a6 5. a3 Nc6 6. Bc4 e6 7. g4 Bg6 8. h4 h6
9. h5 Bh7 10. Qd2 Nf6 11. Be2 Qe7 12. O-O-O O-O-O 13. Na4 e5 14. c3 Qe6 15. Qe1
exd4 16. cxd4 Ne7 17. Nc3 Nxg4 18. Bxg4 Qxg4 19. Rh4 Qxh4 20. Qe2 Qf6 21. Nh3
Bf5 22. Nf4 Qc6 23. Kb1 Be6 24. Nxe6 Qxe6 25. Qc2 f5 26. Rc1 Rd7 27. Ne2 Nd5 28.
Nf4 Nxf4 29. Bxf4 Bd6 30. Be3 Qf7 31. Qe2 Qb3 32. Rc3 Qd5 33. Qc2 Qf7 34. Qe2 g6
35. hxg6 Qxg6 36. f4 h5 37. Rc1 h4 38. Rg1 Qf7 39. Rh1 Qb3 40. Kc1 Qa2 41. Qh2
Be7 42. Qh3 Rd5 43. Qh2 Qc4+ 44. Kb1 Qd3+ 45. Ka1 Qxe3 46. Rd1 Rxd4 47. Rxd4
Qxd4 48. Qh3 Kb8 49. Qxf5 Bxa3 0-1

[Event "AUTO-ADV-4913"]
[Site "http://www.queenalice.com/game.php?id=1868177"]
[Date "2026.1.19"]
[Round "1"]
[White "fbenevides2019"]
[Black "o3bor52"]
[Result "0-1"]
[WhiteElo "1824"]
[BlackElo "1829"]

1. e4 d5 2. e5 c5 3. Nf3 Bg4 4. h3 Bxf3 5. Qxf3 e6 6. Bb5+ Nc6 7. Bxc6+ bxc6 8.
d3 h6 9. c3 f5 10. exf6 Nxf6 11. Qg3 Qe7 12. O-O Nh5 13. Qg6+ Qf7 14. Qxf7+ Kxf7
15. Be3 Nf6 16. a4 a5 17. b3 Bd6 18. Nd2 e5 19. d4 cxd4 20. cxd4 e4 21. Rfc1
Rhc8 22. Nf1 Rab8 23. Rcb1 Bb4 24. Bd2 Rb7 25. Bxb4 Rxb4 26. Rd1 Rxb3 27. Nd2
Rb6 28. Ra2 Rb4 29. Nb1 g5 30. g4 Ke6 31. Kg2 Nh7 32. Nc3 Nf8 33. Ne2 Ng6 34.
Kh2 Rf8 35. Rf1 Rb3 36. Kg2 Nh4+ 37. Kh2 Rff3 38. Ng3 Rfd3 39. Rc1 Nf3+ 40. Kg2
Nxd4 41. Rc5 Rd1 42. Rxa5 Nf3 43. Nf1 Rbb1 44. Ra6 Kd6 0-1

[Event "AUTO-ADV-4913"]
[Site "http://www.queenalice.com/game.php?id=1868178"]
[Date "2026.1.19"]
[Round "1"]
[White "o3bor52"]
[Black "silverado"]
[Result "0-1"]
[WhiteElo "1812"]
[BlackElo "1923"]

1. e4 e5 2. Nf3 d6 3. Bc4 h6 4. Nc3 c6 5. a3 g5 6. d3 g4 7. Ng1 Nf6 8. g3 Bg7 9.
Be3 O-O 10. Nge2 d5 11. exd5 cxd5 12. Nxd5 Nxd5 13. Bxd5 Qxd5 14. Rg1 f5 15. c4
Qa5+ 16. b4 Qa6 17. b5 Qa5+ 18. Bd2 Qc7 19. Bc3 Be6 20. Qc2 Nd7 21. O-O-O Nc5
22. Bb4 Rfd8 23. Kb1 a5 24. Bc3 a4 25. Nc1 Rd6 26. Bb4 b6 27. Qe2 e4 28. Qc2 Rd4
29. Bc3 exd3 30. Nxd3 Rxc4 31. Rc1 Rxc3 32. Qd2 Rb3+ 33. Nb2 Rxb2+ 0-1

[Event "AUTO-ADV-4913"]
[Site "http://www.queenalice.com/game.php?id=1868179"]
[Date "2026.1.19"]
[Round "1"]
[White "silverado"]
[Black "o3bor52"]
[Result "1-0"]
[WhiteElo "1935"]
[BlackElo "1800"]

1. d4 c6 2. e4 d5 3. e5 Bf5 4. Nc3 h6 5. Bd3 Qc8 6. f3 Bd7 7. Nge2 e6 8. a3 g6
9. Bf4 Bg7 10. Qd2 Ne7 11. O-O g5 12. Bg3 Qc7 13. f4 b5 14. fxg5 hxg5 15. Qxg5
Bh6 16. Qf6 Be3+ 17. Kh1 Rf8 18. Rf3 Ng8 19. Qg7 Bc8 20. Rxe3 a5 21. Nf4 Ne7 22.
Rf1 Rg8 23. Qf6 Nd7 24. Qh6 Nf5 25. Bxf5 exf5 26. e6 Nf8 27. exf7+ Kxf7 28. Nh5
Rg6 29. Qh8 Qd8 30. Ref3 Be6 31. Be5 Qg5 32. g3 Rh6 33. Qg7+ Qxg7 34. Nxg7 Nd7
35. Nxe6 Kxe6 36. Rxf5 Rah8 37. Bxh8 Rxh8 38. g4 1-0